[Event "San Marino op"]
[Site "San Marino"]
[Date "1998.??.??"]
[Round "8"]
[White "Bartolozzi, Roberto"]
[Black "Krumm, Johannes"]
[Result "1-0"]
[WhiteElo "1905"]
[BlackElo "2130"]
[PlyCount "71"]
[EventDate "1998.??.??"]
[EventType "swiss"]
[EventRounds "9"]
[EventCountry "SMR"]
[SourceTitle "EXT 2002"]
[Source "ChessBase"]
[SourceDate "2001.11.25"]
[SourceVersion "1"]
[SourceVersionDate "2001.11.25"]
[SourceQuality "1"]

1. d4 d5 2. Nf3 Nf6 3. Bg5 e6 4. e3 c6 5. Nbd2 Nbd7 6. Ne5 Qb6 7. Rb1 Nxe5 8. dxe5 Nd7 9. Bf4 g6 10. Qg4 Bg7 11. Nf3 Qa5+ 12. c3 Qxa2 13. Bd3 Nc5 14. Bc2 Qc4 15. Rd1 Qa2 16. Rb1 Qa6 17. Rd1 Qb6 18. b4 Nd7 19. h4 h5 20. Qg3 Nf8 21. 0-0 Bh6 22. Bxh6 Rxh6 23. Qf4 Rh8 24. Qf6 Rg8 25. Ng5 Qc7 26. e4 Qe7 27. Qf4 Rg7 28. Qe3 Nh7 29. Nf3 g5 30. exd5 exd5 31. Bxh7 Rxh7 32. Nxg5 Rg7 33. Rfe1 Be6 34. f4 b6 35. Qf2 Bf5 36. b5 1-0